Diseño de un horno a base de gas Licuado de petróleo para el suministro de aire caliente a un secador de cebolla en la empresa Landeo Innovación del Municipio de Sébaco -Matagalpa
Presenta el diseño de un horno a base de gas Licuado de petróleo para el suministro de aire caliente a un secador de cebolla en la empresa Landeo Innovación del Municipio de Sébaco - Matagalpa en el cual se determinó el balance térmico, el número de quemadores necesarios para la combustión a...
| Main Author: | |
|---|---|
| Other Authors: | |
| Format: | Tesis Section = Libro |
| Language: | Undetermined Spanish |
| Published: |
Managua
UNI
2017
|
| Subjects: |
| LEADER | 01334nam a2200277Ia 4500 | ||
|---|---|---|---|
| 008 | 240830s9999 xx 000 0 und d | ||
| 040 | |a BIBLIOTECA-RUPAP Mon 683.88 A668 | ||
| 041 | |a spa | ||
| 082 | |a Mon 683.88 A668 | ||
| 100 | 1 | |a Arceda Rodríguez, Mayron José | |
| 245 | 1 | 0 | |a Diseño de un horno a base de gas Licuado de petróleo para el suministro de aire caliente a un secador de cebolla en la empresa Landeo Innovación del Municipio de Sébaco -Matagalpa |
| 260 | |a Managua |b UNI |c 2017 | ||
| 300 | |a 68 p. :il. | ||
| 500 | |a Contiene anexos y CD | ||
| 502 | |a Tesis (Ingeniero Mecánico)- UNI, 2017. | ||
| 520 | 3 | |a Presenta el diseño de un horno a base de gas Licuado de petróleo para el suministro de aire caliente a un secador de cebolla en la empresa Landeo Innovación del Municipio de Sébaco - Matagalpa en el cual se determinó el balance térmico, el número de quemadores necesarios para la combustión así como la determinación del sistema de ductos para el suministro de aire y combustible. | |
| 650 | 7 | |a HORNO GAS LICUADO | |
| 650 | 7 | |b GAS LICUADO DE PETROLEO | |
| 650 | 7 | |c HORNOS - DISEÑO | |
| 650 | 7 | |d CONTROL AUTOMATICO | |
| 650 | 7 | |e SECADOR DE CEBOLLA | |
| 650 | 7 | |f BALANCE TERMICO | |
| 700 | 1 | |a Tutor: |b Gutiérrez, Juan Carlos | |
| 942 | |c BK |2 ddc | ||
| 991 | |a TESIS | ||
| 999 | |c 17806 | ||